000 00577cab a2200229 4500
001 ABS60478
008 090401t1999 xxu||||| |||| 00| 0 eng d
035 _a(Sirsi) u92968
041 _aeng
100 _aJones, E.
245 2 _aA burning issue
260 _c1999
350 _a0
490 _aInside Housing
_v16 April 1999, 18-19(2)
650 _aCOUNCILS
650 _aDOMESTIC ENERGY
650 _aENERGY EFFICIENCY
650 _aHOME ENERGY CONSERVATION ACT 1995
690 _aENVIRONMENTAL AND LAND CONSULTANCY-ENERGY
942 _n0
948 _c26/04/1999
999 _c58922
_d58922